000 01231cam a22003617a 4500
003 CHAP
005 20220817043139.0
008 971013s1987 r 00010 d
010 _a66802
011 _a67774
035 _a77246
040 _cCHAP
082 _a333.72
_bF34y
110 _aFAO
245 1 0 _aInforme sobre los recursos naturales para la agricultura y la alimentación en Amèrica Latina y el Caribe
260 _aRoma :
_bFAO,
_c1987
300 _a124 P.
490 0 _aFAO. Medio ambiente y energía
_v; 8
590 _aBATCH-UPD
_b10
_c20130110
_lUCH01
_h0152
590 _aBATCH-UPD
_b10
_c20130110
_lUCH01
_h2133
590 _aBATCH-UPD
_b10
_c20130409
_lUCH01
_h2152
590 _aBATCH-UPD
_b10
_c20130410
_lUCH01
_h1443
590 _aBATCH-UPD
_b10
_c20130914
_lUCH01
_h0718
590 _aCONVERSION
_b10
_c20130109
_lUCH01
_h1337
650 1 4 _aBosques
_xAmérica Latina.
_914052
650 1 4 _aGanadería
_xAmérica Latina.
_944610
650 1 4 _aRecursos naturales
_xAmérica Latina.
_995189
650 1 4 _aRecursos naturales
_xAmérica Latina.
_995189
830 0 _aFAO. Medio ambiente y energía
_v; 8
_939622
901 _aBK
942 _cLIBRO
949 _a333.72 F34y
_bBC
_cFAO
_d-30114
_eFAO1
_h73871
_i77246
_si
999 _c66802
_d66802